000 00579cab a2200217 4500
001 ABS57088
008 090401t1997 xxu||||| |||| 00| 0 eng d
035 _a(Sirsi) u79356
041 _aeng
245 _aEnd of terrace
260 _c1997
350 _a0
490 _aRIBA Journal
_v104(7) July 1997, 26-33(5)
520 _aClore Management Centre, Birkbeck College, London. Costs.
650 _aCOST ANALYSIS
650 _aEDUCATIONAL BUILDINGS
650 _aMANAGEMENT CENTRE
690 _aBUILDING AND CONSTRUCTION-PROJECTS
942 _n0
948 _c01/07/1997
999 _c49877
_d49877